000 00700cam a22002298a 4500
008
020 _a072343171X (hbk.)
049 _aMAIN
090 _aRK527
_bMcL
100 1 _aMcLaughlin, Richard P.
245 1 0 _aSystemized orthodontic treatment mechanics /
_cRichard P. McLaughlin, John C. Bennett and Hugo J. Trevisi.
260 _aEdinburgh :
_bMosby,
_c2001.
300 _a324 p. :
_bill. (some col.) ;
_c28 cm.
650 0 _aOrthodontic appliances.
700 1 _aBennett, John C.
700 1 _aTrevisi, Hugo.
907 _a.b10285787
_b11-07-11
_c01-11-10
003
005 20230120204031.0
040 _cNUST
942 _cBOOKS
_kRK527
_mMcL
999 _c115938
_d115938